Security in sensor networks (Record no. 2362)

MARC details
000 -LEADER
fixed length control field 00360nam a2200133Ia 4500
008 - FIXED-LENGTH DATA ELEMENTS--GENERAL INFORMATION
fixed length control field 130318s9999 xx 000 0 und d
020 ## - INTERNATIONAL STANDARD BOOK NUMBER
International Standard Book Number 849370582
082 ## - DEWEY DECIMAL CLASSIFICATION NUMBER
Classification number 681.2028558 XIA/S
100 ## - MAIN ENTRY--PERSONAL NAME
Personal name Xiao, Yang
245 ## - TITLE STATEMENT
Title Security in sensor networks
260 ## - PUBLICATION, DISTRIBUTION, ETC.
Name of publisher, distributor, etc. Taylor and Francis
Place of publication, distribution, etc. Boca Raton
Date of publication, distribution, etc. 2007
300 ## - PHYSICAL DESCRIPTION
Extent 341
650 ## - SUBJECT ADDED ENTRY--TOPICAL TERM
Topical term or geographic name entry element SENSOR NETWORK-SECURITY MEASURES
Holdings
Withdrawn status Lost status Damaged status Not for loan Home library Current library Shelving location Date acquired Cost, normal purchase price Total Checkouts Full call number Barcode Date last seen Date last checked out Price effective from Koha item type
        Kerala University of Digital Sciences, Innovation and Technology Knowledge Centre Kerala University of Digital Sciences, Innovation and Technology Knowledge Centre Management 18/03/2013 5611.00 1 681.2028558 XIA/S 2381 03/12/2020 17/02/2016 18/03/2013 Books